000 00299nam a2200109Ia 4500
008 220120s9999||||xx |||||||||||||| ||und||
100 _aGivone,Donald D
_92779
245 0 _aDigital princiles and design
260 _aTata mcgraw-hill co.
_c2002
300 _b295
650 _aSOFTWARE ENGINEERING
_91072
999 _c132127
_d132127